00972 2200325 4500001002100000005001500021035002000036007000300056008004100059020002200100040002200122082001600144084001800160090002200178090002200200100002800222245009300250250002900343300004300372650002300415700002900438850001200467041000800479504002900487264003400516336002100550337003000571338002300601990002200624INLIS00000000084787520190527103248 a0010-0519001210ta190527s2018 yoia g ind d a978-602-5960-87-1 aYOPDYOGbinderda04223a519.282 a519.282 DOD b aDEP 519.282 DOD b aCB-D.11 2018-25490 aDodi Satriawanepenulis10aBahan ajar :bmatematika lingkungan /cpenulis, Dodi Satriawan; editor, Alviana Cahyanti aCetakan I, November 2018 aviii, 89 halaman :bilustrasi ;c25 cm 4aMatematika terapan0 aAlviana Cahyantieeditor aYOPDYOG0 aind aBibliografi : halaman 8931aBantul :bSamudra Biru,c2018 2rdacontentateks 2rdamediaatanpa perantara 2rdacarrieravolume aCB-D.11/2018-2549